| 000 | 00793nam a22002057a 4500 | ||
|---|---|---|---|
| 999 |
_c13469 _d13469 |
||
| 008 | 190325b ||||| |||| 00| 0 eng d | ||
| 020 | _a9781443884266 | ||
| 082 |
_22015 _aAV-Eb 658.42100000000005 _bV984 |
||
| 100 |
_aVrontis, Demetris. _937690 |
||
| 245 |
_aManagement innovation and entrepreneurship : _ba global perspective / _cedited by Demetris Vrontis, Georgia Sakka, and Monaliz Amirkhanpour |
||
| 250 | _aFirst Edition | ||
| 260 |
_bCambridge Scholars Publishing, _c©2015. |
||
| 300 | _a338 pages; | ||
| 500 | _aIncludes index. | ||
| 650 |
_aEntrepreneurship. _937691 |
||
| 700 |
_aSakka, Georgia.editor _937692 |
||
| 700 |
_aAmirkhanpour, Monaliz. _937693 |
||
| 856 | _yhttps://ebookcentral.proquest.com/lib/uniofmindanao-ebooks/detail.action?docID=4534898 | ||
| 942 |
_2ddc _cEB |
||